000 00868cam a2200241 4500
001 WB3616-70
008 000000n2000 000 0 eng u
035 _a(Sirsi) u105630
245 _aGood landowners have nothing to fear
260 _c2000
490 _aScotsman
_v 20 April 2000 32
490 _aScotsman
_v 21 April 2000 34(1)
520 _aScotland's deputy first minister says good landowners have nothing to worry about from the land reform bill. Rights of access will not extend to crop land and people will not have unrestricted access to fields where livestock is kept. Concerned landowners are not convinced.
590 _aWB
650 _aRIGHT TO ROAM
650 _aSCOTTISH LANDOWNERS FEDERATION
650 _aNFU
650 _aCOUNTRYSIDE
650 _aLAND REFORM BILL
650 _aSCOTLAND
690 _aRural
_96268
942 _n0
999 _c63266
_d63266